Normal view
MARC view
Entry Personal Name
001 - CONTROL NUMBER
- control field: 165030
003 - CONTROL NUMBER IDENTIFIER
- control field: OSt
005 - DATE AND TIME OF LATEST TRANSACTION
- control field: 20220923221106.0
008 - FIXED-LENGTH DATA ELEMENTS
- fixed length control field: 220923|| aca||aabn | a|a d
040 ## - CATALOGING SOURCE
- Original cataloging agency: OSt
- Transcribing agency: OSt
100 ## - HEADING--PERSONAL NAME
- Personal name: गोयनका, कमल किशोर; लुत्से, लोठार
670 ## - SOURCE DATA FOUND
- Source citation: Work cat.: (OSt)347205: गोयनका, कमल किशोर; लुत्से, लोठार, प्रेमचन्द औेर शतरंज के खिलाड़ी, 1980
